Click the Correct Australian State - Statistics

General Stats
  • This quiz has been taken 178 times
  • The average score is 11 of 24
Answer Stats
Hint Answer % Correct
Surrounded by water Tasmania
87%
Largest by population New South Wales
83%
Largest by area Western Australia
83%
Westernmost point Western Australia
82%
Landlocked Australian Capital Territory
77%
Southernmost point Tasmania
71%
Most international tourists New South Wales
70%
Is home to the city of Adelaide South Australia
60%
Smallest by area Australian Capital Territory
59%
Is home to Uluru Northern Territory
49%
Easternmost point New South Wales
41%
Smallest by population Northern Territory
39%
Least international tourists Northern Territory
38%
Northernmost point Queensland
33%
Held the Olympics in 1956 Victoria
33%
Highest average annual rainfall Tasmania
29%
Most koalas Queensland
23%
Where Chris Hemsworth is from Victoria
22%
Most snakes Queensland
20%
Lowest average annual rainfall South Australia
19%
Most kangaroos Queensland
15%
Lowest recorded temperature New South Wales
14%
Where Ricky Ponting is from Tasmania
14%
Most platypuses Victoria
13%
No matching quizzes found
Score Distribution
Percent of People with Each Score
Percentile by Number Answered
Your Score History
You have not taken this quiz